[Event "SF Olfen 1 - Schach Nienberge 1"]
[Site "Regionalliga 2016/2017"]
[Date "2017.02.04"]
[Round "6.1"]
[White "Ringwelski, Marius"]
[Black "Koke, Christoph"]
[Result "1/2-1/2"]
[WhiteElo "2036"]
[BlackElo "2073"]
[PlyCount "109"]
[EventDate "2017.??.??"]
[SourceDate "2016.10.07"]

1. c4 c6 2. g3 d5 3. Nf3 Nf6 4. Bg2 e6 5. O-O Nbd7 6. d4 Be7 7. Nbd2 O-O 8. Qc2
b6 9. e4 Ba6 10. e5 Ne8 11. Re1 Nc7 12. cxd5 cxd5 13. Bf1 Qc8 14. a3 Qb7 15.
Qa4 b5 16. Qc2 b4 17. Qa4 Nb6 18. Bxa6 Qxa6 19. Qxa6 Nxa6 20. a4 Rfc8 21. b3
Rc2 22. Rd1 Rac8 23. Ne1 R2c7 24. Bb2 Nb8 25. Rac1 N6d7 26. Rxc7 Rxc7 27. Rc1
Rxc1 28. Bxc1 Nc6 29. Bb2 f6 30. f4 Bd8 31. Kf1 Bb6 32. Nef3 Kf7 33. Ke2 h6 34.
Kd3 Ndb8 35. Nf1 Na5 36. N3d2 Nbc6 37. Ne3 Ne7 38. g4 g5 39. f5 fxe5 40. fxe6+
Kxe6 41. dxe5 Bxe3 42. Kxe3 Nac6 43. Nf3 Ng6 44. Bd4 a6 45. Bc5 Ngxe5 46. Nxe5
Kxe5 47. Bf8 d4+ 48. Kd3 Kd5 49. Bxh6 Ne5+ 50. Ke2 d3+ 51. Kd1 Nxg4 52. Bxg5
Nxh2 53. Be7 Nf3 54. Bxb4 Nd4 55. Kd2 1/2-1/2

[Event "SF Olfen 1 - Schach Nienberge 1"]
[Site "Regionalliga 2016/2017"]
[Date "2017.02.04"]
[Round "6.2"]
[White "Bösel, Alexander"]
[Black "Kemper, Georg"]
[Result "1-0"]
[WhiteElo "1918"]
[BlackElo "1919"]
[PlyCount "43"]
[EventDate "2017.??.??"]
[SourceDate "2016.10.07"]

1. e4 e6 2. d4 d5 3. Nc3 Bb4 4. e5 c5 5. a3 Bxc3+ 6. bxc3 Ne7 7. Nf3 Qa5 8. Qd2
Qa4 9. dxc5 Nd7 10. Rb1 Qe4+ 11. Be2 Nc6 12. O-O Ncxe5 13. Rb4 Qg6 14. Rf4
Nxf3+ 15. Rxf3 Nxc5 16. Qd4 Ne4 17. Bb5+ Kf8 18. Qb4+ Kg8 19. Qe7 h6 20. Be8
Ng5 21. Bxg5 Qxg5 22. Bxf7+ 1-0

[Event "SF Olfen 1 - Schach Nienberge 1"]
[Site "Regionalliga 2016/2017"]
[Date "2017.02.04"]
[Round "6.3"]
[White "Gottkehaskamp, Philipp"]
[Black "Beutelhoff, Josef"]
[Result "1-0"]
[WhiteElo "1926"]
[BlackElo "1982"]
[PlyCount "35"]
[EventDate "2017.??.??"]
[SourceDate "2016.10.07"]

1. d4 Nf6 2. Nf3 b6 3. g3 Bb7 4. Bg2 c5 5. dxc5 bxc5 6. c4 g6 7. b3 Bg7 8. Bb2
O-O 9. O-O d6 10. Nc3 Nc6 11. Qd2 a6 12. Rad1 Qc7 13. e4 Rad8 14. Nd5 Nxd5 15.
exd5 Nb8 16. Bxg7 Kxg7 17. Rfe1 Nd7 18. Rxe7 1-0

[Event "SF Olfen 1 - Schach Nienberge 1"]
[Site "Regionalliga 2016/2017"]
[Date "2017.02.04"]
[Round "6.4"]
[White "Grawunder, Jürgen"]
[Black "Gottkehaskamp, Stefan"]
[Result "0-1"]
[WhiteElo "1954"]
[BlackElo "1974"]
[PlyCount "84"]
[EventDate "2017.??.??"]
[SourceDate "2016.10.07"]

1. b4 e5 2. Bb2 Bxb4 3. Bxe5 Nf6 4. Nf3 d5 5. e3 O-O 6. Be2 c5 7. O-O Nc6 8.
Bb2 Re8 9. c4 d4 10. exd4 cxd4 11. Ne1 Bf5 12. Bf3 Qb6 13. Bxc6 bxc6 14. Nf3
Bc5 15. Qb3 Red8 16. Qxb6 axb6 17. Rd1 Bg4 18. d3 Bxf3 19. gxf3 Nd7 20. f4 Re8
21. Kg2 Re2 22. Nd2 Bb4 23. Bc1 Bc3 24. Rb1 Rxa2 25. Ne4 f5 26. Nxc3 Rxf2+ 27.
Kg3 Rg2+ 28. Kh3 Rxh2+ 29. Kg3 dxc3 30. Rf1 Rag2+ 31. Kf3 Rg6 32. Rb3 Rh3+ 33.
Kf2 Rxd3 34. Be3 Rgd6 35. Rc1 c5 36. Rcxc3 Rxc3 37. Rxc3 Kf7 38. Ra3 Nf6 39.
Bc1 Rd4 40. Ra4 Ne4+ 41. Ke3 Nd6 42. Bb2 Nxc4+ 0-1

[Event "SF Olfen 1 - Schach Nienberge 1"]
[Site "Regionalliga 2016/2017"]
[Date "2017.02.04"]
[Round "6.5"]
[White "Althoff, Franz"]
[Black "Preuß, Richard"]
[Result "1-0"]
[WhiteElo "2009"]
[BlackElo "1748"]
[PlyCount "63"]
[EventDate "2017.??.??"]
[SourceDate "2016.10.07"]

1. Nf3 d5 2. d4 e6 3. c4 Nf6 4. Nc3 c6 5. e3 Be7 6. Bd3 Nbd7 7. O-O O-O 8. e4
dxe4 9. Nxe4 Nxe4 10. Bxe4 Nf6 11. Bc2 c5 12. Be3 Qb6 13. Qe2 Bd7 14. Ne5 Rfd8
15. dxc5 Bxc5 16. Bg5 Be7 17. Ng4 Qc5 18. Be3 Qc7 19. Qd3 g6 20. Nh6+ Kf8 21.
Qc3 Bc6 22. Ng4 e5 23. Nxe5 Ng8 24. f4 Bf6 25. Bd4 b6 26. Nxg6+ Kg7 27. Ne5 Rd6
28. Qd3 Kf8 29. Qxh7 Bg7 30. Bc3 Rh6 31. Qf5 Ne7 32. Qxf7# 1-0

[Event "SF Olfen 1 - Schach Nienberge 1"]
[Site "Regionalliga 2016/2017"]
[Date "2017.02.04"]
[Round "6.6"]
[White "Pinno, Gregor"]
[Black "Keller, Dirk"]
[Result "0-1"]
[WhiteElo "1784"]
[BlackElo "1893"]
[PlyCount "64"]
[EventDate "2017.??.??"]
[SourceDate "2016.10.07"]

1. Nf3 c5 2. g3 Nc6 3. Bg2 e5 4. d3 g6 5. O-O Bg7 6. c4 Nge7 7. Nc3 O-O 8. a3
d6 9. Rb1 a5 10. Ne1 f5 11. Nc2 Rb8 12. b4 axb4 13. axb4 b6 14. b5 Nd4 15. Ne3
f4 16. Ned5 Nxd5 17. Nxd5 Bg4 18. Bf3 Nxe2+ 19. Qxe2 Bh3 20. Re1 h5 21. Bb2 Bh6
22. Ra1 Qd7 23. Ra6 fxg3 24. fxg3 Qf7 25. Bg2 Bg4 26. Qc2 Kh7 27. Rxb6 Rxb6 28.
Nxb6 h4 29. Rf1 Be3+ 30. Kh1 Qxf1+ 31. Bxf1 Rxf1+ 32. Kg2 Rg1# 0-1

[Event "SF Olfen 1 - Schach Nienberge 1"]
[Site "Regionalliga 2016/2017"]
[Date "2017.02.04"]
[Round "6.7"]
[White "Schäfer, Günter"]
[Black "Steffens, Gerd"]
[Result "1/2-1/2"]
[WhiteElo "1883"]
[BlackElo "1800"]
[PlyCount "45"]
[EventDate "2017.??.??"]
[SourceDate "2016.10.07"]

1. e4 e6 2. d3 b6 3. Nf3 Bb7 4. Be2 d5 5. Nbd2 dxe4 6. Nxe4 Nf6 7. Nxf6+ Qxf6
8. O-O Bd6 9. c3 Nd7 10. d4 O-O 11. Bg5 Qf5 12. Bh4 e5 13. dxe5 Nxe5 14. Nxe5
Bxe5 15. Bg4 Qg6 16. Bf3 Bxf3 17. Qxf3 Qc2 18. Rae1 f6 19. Re2 Qa4 20. Qd5+ Kh8
21. Bg3 Rad8 22. Qb3 Qxb3 23. axb3 1/2-1/2

[Event "SF Olfen 1 - Schach Nienberge 1"]
[Site "Regionalliga 2016/2017"]
[Date "2017.02.04"]
[Round "6.8"]
[White "Boenigk, Winfried"]
[Black "Van de Vyle, Jan"]
[Result "1/2-1/2"]
[WhiteElo "1716"]
[BlackElo "1753"]
[PlyCount "89"]
[EventDate "2017.??.??"]
[SourceDate "2016.10.07"]

1. d4 d5 2. c4 Nc6 3. Nc3 dxc4 4. e3 Nf6 5. Bxc4 e6 6. Nf3 Bb4 7. O-O O-O 8.
Qc2 Re8 9. a3 Bf8 10. Rd1 Nd5 11. e4 Nxc3 12. bxc3 Bd7 13. Bf4 Rc8 14. e5 Ne7
15. Bg5 Bc6 16. Bd3 h6 17. Be3 Qd7 18. a4 Nd5 19. Rf1 a5 20. Bh7+ Kh8 21. Be4
Nb6 22. Bxc6 Qxc6 23. Nd2 Nc4 24. Qe4 Qxe4 25. Nxe4 Kg8 26. Rfe1 Red8 27. Re2
Rd5 28. f4 Rcd8 29. Rf1 Be7 30. f5 exf5 31. Rxf5 f6 32. Bxh6 gxh6 33. Nxf6+
Bxf6 34. Rxf6 Rf8 35. Rxh6 c5 36. Rh4 cxd4 37. cxd4 b5 38. axb5 Rxb5 39. h3 Nb6
40. e6 Rg5 41. Rhe4 a4 42. Re5 Rxe5 43. Rxe5 Nc4 44. Rc5 Nb6 45. Rg5+ 1/2-1/2

[Event "SC Steinfurt 1 - SK Bocholt 1"]
[Site "Regionalliga 2016/2017"]
[Date "2017.02.04"]
[Round "6.1"]
[White "Fuest, Martin"]
[Black "Engels, Natia"]
[Result "1/2-1/2"]
[WhiteElo "2156"]
[BlackElo "2042"]
[PlyCount "31"]
[EventDate "2017.??.??"]
[SourceDate "2016.10.07"]

1. d4 e6 2. Nf3 Nf6 3. c4 b6 4. g3 Bb7 5. Bg2 Bb4+ 6. Bd2 Bxd2+ 7. Nbxd2 O-O 8.
O-O d5 9. Ne5 Nbd7 10. Rc1 Nxe5 11. dxe5 Ng4 12. Nf3 c5 13. Qd2 d4 14. Qf4 Nh6
15. Bh3 Qc7 16. Rfe1 1/2-1/2

[Event "SC Steinfurt 1 - SK Bocholt 1"]
[Site "Regionalliga 2016/2017"]
[Date "2017.02.04"]
[Round "6.2"]
[White "Grälken, Matthias"]
[Black "Liesmann, Karsten"]
[Result "1/2-1/2"]
[WhiteElo "2021"]
[BlackElo "2006"]
[PlyCount "96"]
[EventDate "2017.??.??"]
[SourceDate "2016.10.07"]

1. d4 e6 2. Nf3 f5 3. c4 Nf6 4. Nc3 Bb4 5. Qb3 c5 6. dxc5 Na6 7. Bg5 O-O 8. e3
Qe7 9. a3 Bxc3+ 10. Qxc3 Nxc5 11. Bxf6 Rxf6 12. Rd1 d6 13. Be2 e5 14. O-O b6
15. b4 Ne4 16. Qb2 Bb7 17. g3 Rh6 18. c5 bxc5 19. bxc5 Nxc5 20. Bc4+ Kh8 21.
Bd5 Bxd5 22. Rxd5 Qf7 23. Rfd1 Qh5 24. Nh4 Ne4 25. f3 Ng5 26. Rxd6 Rxd6 27.
Rxd6 Nxf3+ 28. Nxf3 Qxf3 29. Qd2 h6 30. Rd8+ Rxd8 31. Qxd8+ Kh7 32. Qd2 Qe4 33.
h3 Qf3 34. Kh2 Qf1 35. Qb2 e4 36. Qc2 Qf3 37. Qd2 a6 38. Qe1 a5 39. Qd2 Qf1 40.
Qc2 a4 41. g4 Qf3 42. gxf5 Qxe3 43. Qxa4 Qf2+ 44. Kh1 Qxf5 45. Qb3 Qf1+ 46. Kh2
Qd3 47. Qb4 e3 48. Kg3 Qf5 1/2-1/2

[Event "SC Steinfurt 1 - SK Bocholt 1"]
[Site "Regionalliga 2016/2017"]
[Date "2017.02.04"]
[Round "6.3"]
[White "Steiner, Karl"]
[Black "Freitag, Julia"]
[Result "0-1"]
[WhiteElo "1920"]
[BlackElo "2076"]
[PlyCount "64"]
[EventDate "2017.??.??"]
[SourceDate "2016.10.07"]

1. d4 d5 2. c4 e6 3. Nc3 f5 4. Nf3 c6 5. g3 Bd6 6. c5 Bc7 7. Bf4 Bxf4 8. gxf4
b6 9. Rg1 g6 10. b4 Nf6 11. e3 Qe7 12. Ne5 Bb7 13. Be2 Ne4 14. Nxe4 fxe4 15.
Kd2 Nd7 16. Rg5 Nxe5 17. Rxe5 Bc8 18. Qa4 b5 19. Qd1 Qh4 20. Qg1 a5 21. a4 axb4
22. axb5 Rxa1 23. Qxa1 cxb5 24. Qa7 O-O 25. Bxb5 Qxf2+ 26. Be2 b3 27. Qb6 b2
28. Qxb2 Ba6 29. Kd1 Qg1+ 30. Kd2 Bxe2 31. Qb6 Qd1+ 32. Kc3 Qc1+ 0-1

[Event "SC Steinfurt 1 - SK Bocholt 1"]
[Site "Regionalliga 2016/2017"]
[Date "2017.02.04"]
[Round "6.4"]
[White "Wild, Helmut"]
[Black "Hunhoff, Sebastian"]
[Result "0-1"]
[WhiteElo "1922"]
[BlackElo "1912"]
[PlyCount "62"]
[EventDate "2017.??.??"]
[SourceDate "2016.10.07"]

1. c4 Nf6 2. Nc3 e6 3. e4 d6 4. d4 c5 5. dxc5 dxc5 6. Qxd8+ Kxd8 7. Bg5 Be7 8.
O-O-O+ Nfd7 9. Bf4 a6 10. Nf3 Nc6 11. Be2 f6 12. e5 Ke8 13. exf6 gxf6 14. Ne4
e5 15. Bh6 Nd4 16. Nxd4 cxd4 17. Bh5+ Kd8 18. f4 Rg8 19. g3 Kc7 20. Bf7 Rd8 21.
fxe5 fxe5 22. Bg7 Bf8 23. Ng5 Bxg7 24. Ne6+ Kd6 25. Nxg7 Nc5 26. Rhf1 Bh3 27.
Nf5+ Kc7 28. Ng7 Bxf1 29. Rxf1 a5 30. Bd5 Rf8 31. Bf7 Kd7 0-1

[Event "SC Steinfurt 1 - SK Bocholt 1"]
[Site "Regionalliga 2016/2017"]
[Date "2017.02.04"]
[Round "6.5"]
[White "Naumann, Felix"]
[Black "Yust, Evgeniy"]
[Result "1-0"]
[WhiteElo "1799"]
[BlackElo "1907"]
[PlyCount "120"]
[EventDate "2017.??.??"]
[SourceDate "2016.10.07"]

1. d4 e6 2. Nf3 Nf6 3. Bf4 b6 4. e3 Bb7 5. Nbd2 d5 6. Bd3 Bd6 7. Bg3 Nbd7 8. c3
O-O 9. Rc1 Ne4 10. Ne5 f6 11. Nxe4 dxe4 12. Bc4 fxe5 13. Bxe6+ Kh8 14. Bxd7
Qxd7 15. dxe5 Qb5 16. exd6 cxd6 17. Qe2 Qa4 18. b3 Qa3 19. Rd1 Ba6 20. c4 Rad8
21. Qd2 d5 22. Bh4 Rd7 23. O-O b5 24. cxd5 b4 25. Rfe1 Bd3 26. d6 a5 27. Be7
Ra8 28. Rc1 a4 29. bxa4 Qxa4 30. Rc5 h6 31. Rec1 Kh7 32. h4 Raa7 33. Rc7 b3 34.
axb3 Qxb3 35. Rxd7 Rxd7 36. Qc3 Qxc3 37. Rxc3 Kg6 38. Rc7 Bb5 39. Rc5 Bd3 40.
f4 exf3 41. gxf3 Kf7 42. Kf2 g6 43. e4 Rb7 44. Ke3 Bf1 45. Rc8 Bh3 46. Rf8+ Kg7
47. e5 Be6 48. f4 Bf7 49. Rc8 Be6 50. Bf6+ Kf7 51. Rh8 Rb3+ 52. Kd2 Bf5 53.
Rh7+ Kf8 54. Rxh6 Rf3 55. Rh7 Rxf4 56. Kc3 Ke8 57. Re7+ Kd8 58. Bg5 Re4 59. e6
Kc8 60. Rc7+ Kb8 1-0

[Event "SC Steinfurt 1 - SK Bocholt 1"]
[Site "Regionalliga 2016/2017"]
[Date "2017.02.04"]
[Round "6.6"]
[White "Arning, Marcus"]
[Black "Hunhoff, Andreas"]
[Result "1-0"]
[WhiteElo "1839"]
[BlackElo "1839"]
[PlyCount "69"]
[EventDate "2017.??.??"]
[SourceDate "2016.10.07"]

1. d4 f5 2. Nc3 e6 3. e4 Bb4 4. Bd3 fxe4 5. Bxe4 Qh4 6. Bd3 Nf6 7. Nf3 Qg4 8.
O-O Bxc3 9. bxc3 b6 10. h3 Qh5 11. Bf4 Nd5 12. Bg3 O-O 13. Qd2 d6 14. Rae1 h6
15. c4 Nf6 16. Qe3 Nc6 17. c5 bxc5 18. dxc5 e5 19. cxd6 cxd6 20. Bb5 Ne7 21.
Qb3+ Kh8 22. Bxe5 dxe5 23. Rxe5 Nf5 24. Bc6 Nd4 25. Qe3 Nxf3+ 26. Bxf3 Qg6 27.
Bxa8 Ba6 28. Be4 Nxe4 29. Qxe4 Qf6 30. Re1 Qxf2+ 31. Kh2 Bf1 32. Re8 Rxe8 33.
Qxe8+ Kh7 34. Qe4+ g6 35. Qb7+ 1-0

[Event "SC Steinfurt 1 - SK Bocholt 1"]
[Site "Regionalliga 2016/2017"]
[Date "2017.02.04"]
[Round "6.7"]
[White "Wüstnienhaus, Andreas"]
[Black "Raue, Thorsten"]
[Result "1/2-1/2"]
[WhiteElo "1888"]
[BlackElo "1797"]
[PlyCount "50"]
[EventDate "2017.??.??"]
[SourceDate "2016.10.07"]

1. d4 Nf6 2. c4 c5 3. Nf3 cxd4 4. Nxd4 e5 5. Nc2 d5 6. cxd5 Qxd5 7. Bd2 Nc6 8.
Nc3 Qd8 9. g3 Bf5 10. Ne3 Be6 11. Bg2 Qd7 12. Qa4 Be7 13. O-O O-O 14. Rfd1 Rfd8
15. Rac1 Rac8 16. Nc4 Nd5 17. Be1 Nxc3 18. Bxc3 Nd4 19. Qxd7 Rxd7 20. Nxe5
Nxe2+ 21. Kf1 Rxd1+ 22. Rxd1 Nxc3 23. bxc3 f6 24. Nd3 b6 25. Nb4 Bxb4 1/2-1/2

[Event "SC Steinfurt 1 - SK Bocholt 1"]
[Site "Regionalliga 2016/2017"]
[Date "2017.02.04"]
[Round "6.8"]
[White "Radisic, Sascha"]
[Black "Tepasse, Wilhelm"]
[Result "0-1"]
[WhiteElo "1616"]
[BlackElo "1767"]
[PlyCount "64"]
[EventDate "2017.??.??"]
[SourceDate "2016.10.07"]

1. Nf3 d5 2. c4 c6 3. b3 Nf6 4. g3 Bf5 5. Bg2 e6 6. O-O Nbd7 7. Bb2 Be7 8. d3
h6 9. Nbd2 O-O 10. a3 a5 11. Nd4 Bg6 12. N4f3 Qc7 13. d4 Ne4 14. Nxe4 Bxe4 15.
Nd2 Bxg2 16. Kxg2 f5 17. e3 Nf6 18. c5 Ne4 19. Nxe4 fxe4 20. f4 exf3+ 21. Rxf3
Bg5 22. Bc1 Rxf3 23. Qxf3 Rf8 24. Qe2 Qf7 25. Bd2 Qf5 26. h4 Qe4+ 27. Kg1 Bd8
28. Qg2 Qg4 29. b4 Rf3 30. Be1 Rxe3 31. bxa5 Qxd4 32. Rc1 Rxe1+ 0-1

[Event "SC Klein-Berlin Rheine 1 - Südlohner SV"]
[Site "Regionalliga 2016/2017"]
[Date "2017.02.04"]
[Round "6.1"]
[White "Kolakovic, Klaudio"]
[Black "Ottens, Stephan"]
[Result "1/2-1/2"]
[WhiteElo "1983"]
[BlackElo "2120"]
[PlyCount "47"]
[EventDate "2017.??.??"]
[SourceDate "2016.10.07"]

1. e4 c5 2. Nf3 d6 3. d4 cxd4 4. Nxd4 Nf6 5. Bd3 e5 6. Ne2 Be6 7. c4 Nbd7 8.
Nbc3 Rc8 9. b3 a6 10. h3 Be7 11. Be3 h5 12. Rc1 h4 13. Qd2 Nh5 14. O-O g5 15.
Nd5 Nf4 16. f3 Nf6 17. Nxf6+ Bxf6 18. Kh2 Qd7 19. Ng1 Kf8 20. Rfd1 Be7 21. Bf1
Kg7 22. Qb2 f6 23. Ne2 Nxe2 24. Bxe2 1/2-1/2

[Event "SC Klein-Berlin Rheine 1 - Südlohner SV"]
[Site "Regionalliga 2016/2017"]
[Date "2017.02.04"]
[Round "6.2"]
[White "Brümmer, Frank"]
[Black "Völker, Christian"]
[Result "1/2-1/2"]
[WhiteElo "2166"]
[BlackElo "2004"]
[PlyCount "85"]
[EventDate "2017.??.??"]
[SourceDate "2016.10.07"]

1. d4 Nf6 2. c4 g6 3. Nc3 Bg7 4. e4 d6 5. Nge2 O-O 6. Ng3 Nbd7 7. Be2 h5 8. O-O
e5 9. d5 h4 10. Nh1 Nh7 11. Be3 Qe7 12. Rc1 f5 13. exf5 gxf5 14. f4 exf4 15.
Bxf4 Ne5 16. Nf2 a6 17. Qd2 Kh8 18. Rce1 Bf6 19. Nfd1 Rg8 20. Bd3 Qf7 21. Ne3
Nxd3 22. Qxd3 Bd7 23. Re2 Ng5 24. Kh1 Qg6 25. h3 Ne4 26. Nxe4 fxe4 27. Qc2 Rae8
28. Ref2 Ref8 29. Nd1 Bd4 30. Be3 Bg7 31. Rf4 Qh7 32. Nc3 Rxf4 33. Rxf4 Be5 34.
Rf1 Bxh3 35. gxh3 Rg3 36. Bf4 Rxh3+ 37. Kg2 Qf5 38. Qxe4 Qg4+ 39. Kf2 Bxf4 40.
Qe8+ Kh7 41. Qf7+ Kh6 42. Qf6+ Kh7 43. Qf7+ 1/2-1/2

[Event "SC Klein-Berlin Rheine 1 - Südlohner SV"]
[Site "Regionalliga 2016/2017"]
[Date "2017.02.04"]
[Round "6.3"]
[White "Darwisch, Khaled"]
[Black "Henneberger, Sven"]
[Result "1-0"]
[WhiteElo "2053"]
[BlackElo "2092"]
[PlyCount "69"]
[EventDate "2017.??.??"]
[SourceDate "2016.10.07"]

1. e4 c5 2. d3 g6 3. g3 Bg7 4. Bg2 Nc6 5. Ne2 h5 6. h3 d6 7. O-O Nh6 8. Nd2 e5
9. f4 Be6 10. Nf3 Qd7 11. Ng5 O-O-O 12. c3 f5 13. Be3 h4 14. gxh4 Nf7 15. Nxe6
Qxe6 16. d4 exd4 17. cxd4 Nxd4 18. Bxd4 Bxd4+ 19. Nxd4 cxd4 20. Qxd4 Kb8 21.
Rae1 Rde8 22. Qb4 Qd7 23. Rd1 fxe4 24. Bxe4 Rxh4 25. Bg2 Re3 26. Rde1 Rxe1 27.
Rxe1 Rh8 28. Re6 g5 29. f5 Rc8 30. f6 Rc7 31. Qe4 d5 32. Re8+ Nd8 33. Qe5 Kc8
34. Bxd5 Rc5 35. Be6 1-0

[Event "SC Klein-Berlin Rheine 1 - Südlohner SV"]
[Site "Regionalliga 2016/2017"]
[Date "2017.02.04"]
[Round "6.4"]
[White "Langhanke, Günther"]
[Black "Funke, Reinhard"]
[Result "1-0"]
[WhiteElo "1942"]
[BlackElo "2015"]
[PlyCount "77"]
[EventDate "2017.??.??"]
[SourceDate "2016.10.07"]

1. e4 c5 2. Nc3 Nc6 3. Bb5 Nd4 4. Bc4 g6 5. Nf3 Bg7 6. Nxd4 cxd4 7. Qf3 e6 8.
Nb5 d6 9. Qa3 Ke7 10. c3 Qb6 11. Nxd4 Bxd4 12. cxd4 Qxd4 13. d3 Qc5 14. b4 Qc7
15. Bb2 f6 16. Rc1 Qd8 17. O-O Bd7 18. b5 h5 19. e5 Qb6 20. d4 Kf7 21. exd6 Nh6
22. Qd3 Nf5 23. a4 Nxd6 24. Bb3 Kg7 25. Ba3 Nf5 26. Bc5 Qd8 27. d5 e5 28. f4 b6
29. Bb4 Nd4 30. fxe5 fxe5 31. Bc3 Bf5 32. Qe3 Qf6 33. Bxd4 exd4 34. Rc7+ Kf8
35. Qd2 Qe5 36. Qb4+ Ke8 37. Re1 Be4 38. d6 Kd8 39. Re7 1-0

[Event "SC Klein-Berlin Rheine 1 - Südlohner SV"]
[Site "Regionalliga 2016/2017"]
[Date "2017.02.04"]
[Round "6.5"]
[White "Telöken, Andreas"]
[Black "Langhans, Jörg"]
[Result "1-0"]
[WhiteElo "1980"]
[BlackElo "1907"]
[PlyCount "73"]
[EventDate "2017.??.??"]
[SourceDate "2016.10.07"]

1. e4 e5 2. Nf3 Nf6 3. Nxe5 d6 4. Nf3 Nxe4 5. Nc3 Nxc3 6. dxc3 Be7 7. Bf4 Nd7
8. Qd2 Nc5 9. O-O-O Be6 10. Kb1 Qd7 11. Nd4 O-O-O 12. Nxe6 Nxe6 13. Be3 Kb8 14.
g3 c6 15. c4 Qc7 16. Bg2 g5 17. Qd3 Qa5 18. Bd2 Qb6 19. Qf5 Rdf8 20. Bc3 Rhg8
21. Qxh7 Qxf2 22. Qe4 Qb6 23. Rhf1 Qc7 24. Rf5 Ng7 25. Rf2 f5 26. Qd3 f4 27.
gxf4 Nf5 28. Qe4 Nh4 29. Bh1 g4 30. f5 Bf6 31. Bxf6 Rxf6 32. Qd3 Ng6 33. Qd4
Ne5 34. Re1 Qb6 35. c5 Qd8 36. cxd6 Qxd6 37. Qxe5 1-0

[Event "SC Klein-Berlin Rheine 1 - Südlohner SV"]
[Site "Regionalliga 2016/2017"]
[Date "2017.02.04"]
[Round "6.6"]
[White "Averkamp-Peters, Jens"]
[Black "Schmeing, Walter"]
[Result "1/2-1/2"]
[WhiteElo "1908"]
[BlackElo "1990"]
[PlyCount "84"]
[EventDate "2017.??.??"]
[SourceDate "2016.10.07"]

1. e4 e5 2. Nf3 Nc6 3. d4 exd4 4. c3 d3 5. Bxd3 d6 6. Qb3 h6 7. O-O Nf6 8. Bc4
Qd7 9. Bb5 a6 10. Bd3 Ne5 11. Nxe5 dxe5 12. Rd1 Bd6 13. h3 Qc6 14. Qc2 Be6 15.
Be3 Bc4 16. Bxc4 Qxc4 17. Nd2 Qc6 18. f3 O-O 19. Nf1 Rfd8 20. Qf2 Nh5 21. Qh4
Nf4 22. Kh1 Ng6 23. Qf2 Be7 24. g3 Rxd1 25. Rxd1 Qe6 26. Qg2 Qxa2 27. f4 exf4
28. gxf4 Qa4 29. Rd4 Qa1 30. f5 Nh4 31. Qe2 Bf6 32. Rd1 Qa4 33. Ng3 Re8 34. Qg4
Kh7 35. Rg1 g5 36. fxg6+ Nxg6 37. Nh5 Bh8 38. Bd4 Qc6 39. Bxh8 Kxh8 40. Re1 Qe6
41. Qg3 Qe5 42. Qf3 Qe6 1/2-1/2

[Event "SC Klein-Berlin Rheine 1 - Südlohner SV"]
[Site "Regionalliga 2016/2017"]
[Date "2017.02.04"]
[Round "6.7"]
[White "Sparwel, Oliver"]
[Black "Hemmert, Michael"]
[Result "0-1"]
[WhiteElo "1906"]
[BlackElo "1828"]
[PlyCount "82"]
[EventDate "2017.??.??"]
[SourceDate "2016.10.07"]

1. d4 f5 2. g3 Nf6 3. Bg2 g6 4. c4 Bg7 5. Nc3 d6 6. Nf3 O-O 7. O-O c6 8. Qc2
Qe8 9. a4 a5 10. b3 Na6 11. Ba3 h6 12. Rad1 Bd7 13. Nh4 Qf7 14. f4 Ng4 15. Qd2
Rad8 16. h3 Nf6 17. Kh2 Bc8 18. e4 fxe4 19. Nxe4 d5 20. Ng5 hxg5 21. fxg5 dxc4
22. gxf6 Bxf6 23. Qh6 Qg7 24. Qxg6 Bxh4 25. Qxg7+ Kxg7 26. gxh4 Rxf1 27. Bxf1
cxb3 28. Bxe7 Re8 29. Bd6 Bf5 30. Rd2 Nb4 31. Rb2 Re3 32. Be5+ Kf8 33. h5 Rc3
34. Kg1 Bc2 35. h6 Kg8 36. Kf2 Nd3+ 37. Bxd3 Rxd3 38. h4 Kh7 39. Bg7 b5 40.
axb5 cxb5 41. Ke2 a4 0-1

[Event "SC Klein-Berlin Rheine 1 - Südlohner SV"]
[Site "Regionalliga 2016/2017"]
[Date "2017.02.04"]
[Round "6.8"]
[White "van Dijk, Guido"]
[Black "Richters, Alfred"]
[Result "1/2-1/2"]
[WhiteElo "1712"]
[BlackElo "1885"]
[PlyCount "34"]
[EventDate "2017.??.??"]
[SourceDate "2016.10.07"]

1. d4 e6 2. e4 d5 3. exd5 exd5 4. Bd3 Bd6 5. Nf3 Nc6 6. c3 Nge7 7. h3 h6 8. Qc2
Be6 9. Nbd2 Qd7 10. Nb3 O-O-O 11. Bd2 Bf5 12. O-O-O Bxd3 13. Qxd3 Ng6 14. g3
Rhe8 15. Rde1 Rxe1+ 16. Nxe1 Re8 17. Ng2 Nce7 1/2-1/2

[Event "SG Turm Raesfeld/Erle 1 - SK Münster 3"]
[Site "Regionalliga 2016/2017"]
[Date "2017.02.04"]
[Round "6.1"]
[White "Borrink, Jörn"]
[Black "Wilger, Frank"]
[Result "1-0"]
[WhiteElo "2098"]
[BlackElo "2063"]
[PlyCount "115"]
[EventDate "2017.??.??"]
[SourceDate "2016.10.07"]

1. e4 c5 2. Nc3 e6 3. g3 d5 4. exd5 exd5 5. Bg2 d4 6. Nd5 Nc6 7. d3 Be6 8. Qe2
Bd6 9. Nh3 Nge7 10. Ng5 Qd7 11. O-O O-O-O 12. Nxe6 Qxe6 13. Qxe6+ fxe6 14.
Nxe7+ Bxe7 15. Bh3 b5 16. Re1 Kb7 17. Rxe6 Rd6 18. Re2 g5 19. Bd2 Bf6 20. Rae1
h6 21. f4 Nb4 22. Bg2+ Kb6 23. fxg5 Bxg5 24. Bxg5 hxg5 25. a3 Nd5 26. Re6 Kc7
27. Bxd5 Rxd5 28. R1e5 Rhd8 29. b3 a5 30. Kg2 a4 31. bxa4 bxa4 32. h3 c4 33.
Kf3 cxd3 34. cxd3 Rxe5 35. Rxe5 Kd6 36. Rxg5 Re8 37. Ra5 Re3+ 38. Kf4 Rxd3 39.
Rxa4 Kd5 40. h4 Rd1 41. Ra5+ Kc4 42. Ra8 Rf1+ 43. Kg5 d3 44. Rd8 Kc3 45. h5 d2
46. g4 Rf3 47. Rxd2 Kxd2 48. a4 Ra3 49. h6 Rxa4 50. h7 Ra8 51. Kf6 Ra6+ 52. Kg7
Ra7+ 53. Kh6 Ra8 54. g5 Ke3 55. g6 Kf4 56. g7 Ra6+ 57. Kh5 Ra5+ 58. Kg6 1-0

[Event "SG Turm Raesfeld/Erle 1 - SK Münster 3"]
[Site "Regionalliga 2016/2017"]
[Date "2017.02.04"]
[Round "6.2"]
[White "Greifenberg, Daniel"]
[Black "Baumann, Stephan"]
[Result "0-1"]
[WhiteElo "2019"]
[BlackElo "2003"]
[PlyCount "106"]
[EventDate "2017.??.??"]
[SourceDate "2016.10.07"]

1. d4 Nf6 2. Bg5 e6 3. c4 c5 4. d5 d6 5. Nc3 Be7 6. h4 h6 7. Bd2 exd5 8. cxd5
Bf5 9. e4 Bc8 10. Be2 Nbd7 11. Qc2 Ne5 12. Nf3 Nxf3+ 13. gxf3 a6 14. a4 h5 15.
Bg5 Nd7 16. Rg1 Bxg5 17. Rxg5 Qf6 18. Qd2 g6 19. f4 Kd8 20. O-O-O Re8 21. f5
Nf8 22. fxg6 fxg6 23. f4 Bd7 24. Qe3 b5 25. a5 b4 26. Nb1 Nh7 27. Rg2 Nf8 28.
Nd2 Bb5 29. Rf1 Bxe2 30. Qxe2 Qd4 31. Qf2 Qd3 32. f5 gxf5 33. Qxf5 Nd7 34. Rg7
Ra7 35. Qg5+ Kc8 36. Rg8 Rxg8 37. Qxg8+ Kc7 38. Qg7 b3 39. Kd1 Qh3 40. Rf7 Rb7
41. e5 Qh1+ 42. Ke2 Qh2+ 43. Kd3 Kb8 44. Rxd7 Qh3+ 45. Ke2 Qxd7 46. Qxd7 Rxd7
47. e6 Rg7 48. Ne4 Kc7 49. Kf3 c4 50. Ke3 Kd8 51. Nxd6 c3 52. bxc3 b2 53. Nf5
b1=Q 0-1

[Event "SG Turm Raesfeld/Erle 1 - SK Münster 3"]
[Site "Regionalliga 2016/2017"]
[Date "2017.02.04"]
[Round "6.3"]
[White "Ollech, Dirk"]
[Black "Brömmel, Rudolf"]
[Result "1/2-1/2"]
[WhiteElo "1921"]
[BlackElo "1929"]
[PlyCount "47"]
[EventDate "2017.??.??"]
[SourceDate "2016.10.07"]

1. c4 e5 2. g3 Nc6 3. Bg2 g6 4. Nc3 Bg7 5. d3 d6 6. Nf3 h6 7. O-O Be6 8. Rb1 a5
9. a3 Qd7 10. b4 axb4 11. axb4 Bh3 12. b5 Nd8 13. d4 Bxg2 14. Kxg2 exd4 15.
Nxd4 Ne6 16. Nxe6 fxe6 17. Qd3 Ne7 18. h4 O-O 19. e4 Nc8 20. e5 Qf7 21. Ne4
dxe5 22. Ba3 Re8 23. Bb4 Nb6 24. Rfd1 1/2-1/2